| 000 | 00803nam a22002057a 4500 | ||
|---|---|---|---|
| 999 |
_c11105 _d11105 |
||
| 003 | AR-CdUCM | ||
| 008 | 190402b ||||| |||| 00| 0 spa d | ||
| 040 |
_aMUNICIPALIDAD PROVINCIAL DEL CUSCO _cBIBLIOTECA MUNICIPAL DEL CUSCO |
||
| 082 |
_23ed. _a741.42 / _bSP74 / 1944 |
||
| 100 |
_aSpeed, Harold _928274 |
||
| 245 | _aLa práctica y la ciencia del dibujo / | ||
| 260 |
_aBuenos Aires : _bAlbatros, _c1944. |
||
| 300 |
_a326 páginas ; _bIlustraciones, _c20 cm. |
||
| 440 |
_aBiblioteca de arte ; _928275 |
||
| 505 | _aContenido: El dibujo -- Dibujo de linea -- Dibujo de mancha -- Lo académico y lo convencional -- El estudio del dibujo -- Ritmo, la variedad en la linea ... | ||
| 650 |
_aDibujo _913086 |
||
| 700 |
_aMoreno Rey, J. A. (traducción) _928276 |
||
| 942 |
_2ddc _cLIBROS |
||
| 945 | _aacv | ||